10 największych miast Polski na literę O - Statystyki

Ogólne statystyki
  • Ten quiz został rozwiązany 160 razy
  • Średni wynik to 6 z 10
Statystyki odpowiedzi
Ludność Miasto % Poprawnych
127 839 Opole
94%
171 249 Olsztyn
92%
71 560 Ostrów Wielkopolski
60%
34 757 Olkusz
52%
51 656 Ostrołęka
52%
67 404 Ostrowiec Świętokrzyski
48%
44 317 Otwock
48%
33 087 Oława
46%
37 569 Oświęcim
43%
36 979 Oleśnica
41%
Nie znaleziono quizów pasujących do podanych kryteriów
Rozkład punktacji
Procent ludzi z każdym wynikiem
Percentyl według liczby udzielonych odpowiedzi
Twoja historia wyników
Nie rozwiązałeś tego quizu